Statistics for Bible Characters - Genesis

Click here to take the quiz!

General Stats

  • This quiz has been taken 532 times
  • The average score is 17 of 54

Answer Stats

HintAnswer% Correct
First manAdam
100%
First womanEve
100%
First murdererCain
96%
First murderedAbel
95%
Builder of the arkNoah
80%
Wife of AbrahamSarah
64%
Third son of AdamSeth
56%
Father of the israelites and the arabsAbraham
53%
Second son of Abraham - Patriarch of IsraelIsaac
52%
Second son of Isaac - father of the twelve tribesJacob (Israel)
51%
Oldest human in the BibleMethuselah
51%
The name Judaism is derived from himJudah
50%
Son of Noah - His descendants spread mainly in africaHam
49%
Favorite son of Jacob - vizier of egyptJoseph
49%
First son of Isaac - sold his birthright - father of the EdomitesEsau
45%
Son of Noah - His descendants spread mainly in asiaShem
45%
First wife of JacobLeah
39%
First son of Abraham - Father of the ArabsIshmael
38%
Nephew of AbrahamLot
38%
Second wife of JacobRachel
38%
Father of the priestly tribe of IsraelLevi
36%
Wife of the previousRebecca
35%
Egyptian slave - Second wife of AbrahamHagar
34%
Son of Noah - His descendants spread mainly in europeJapheth
34%
He walked with God and was rapturedEnoch
30%
Firstborn of JacobReuben
30%
Son of Lot with one of his daughters - father of the MoabitesMoab
24%
Joseph was sold to this egyptian court officialPotiphar
24%
daughter of JacobDinah
22%
Brother of the previous - Jacob worked 20 years for himLaban
20%
Second son of JosephEphraim
18%
First son of JosephManasseh
17%
First tyrant - Mighty hunterNimrod
17%
Widow of the previous - posed as a prostitute to sleep with JudahTamar
16%
Cain build a city for this son of hisEnoch
15%
Son of Judah - God killed him because he did not want to beget an offspring for his brotherOnan
15%
King of Salem - He blessed AbrahamMelchizedek
14%
Father of AbrahamTerah
13%
Handmaid of the previous - third wife of JacobBilhah
12%
Father of NoahLamech
12%
Handmaid of the previous - fourth wife of JacobZilpah
11%
Brother of AbrahamNahor
10%
The name hebrew is derived from himEber
9%
First BigamistLamech
9%
Third wife of AbrahamKeturah
8%
King of Gerar - wanted to take Sarah as his wifeAbimelech
7%
Son of Judah - God killed him because he was evilEr
7%
Canaanite who raped the previous and wanted to take her as his wifeShechem
7%
Forger of all instruments of bronze and ironTubal-cain
7%
Egyptian wife of JosephAsenath
5%
Father of the harp and flute playersJubal
5%
Wife of the previousMilcah
4%
Son of Lot with one of his daughters - father of the AmmonitesBenammi
3%
Father of the tent dwellers and cattle ownersJabal
3%

Score Distribution

Percentile by Number Answered

Percent of People with Each Score

Your Score History

You have not taken this quiz